000 00325nam a2200133Ia 4500
999 _c6768
_d6768
003 OSt
008 191201s2011 xx 000 0 und d
100 _aHELFAND, Lewis
245 0 _aMuhammad Ali the King of Ring
260 _bKALYANI MEDIA PVT. LTD.
_c2011
300 _a84
650 _aGeneral Books
942 _2ddc
_cBK
_01